000 00574nam a2200205Ia 4500
008 170918s9999 xx 000 0 und d
020 _a9780439250771
050 _bA191 1994
100 _aAda, Alma Flor
245 _aGathering the sun :
245 _ban alphabeth in Spanish and English /
245 _cAlma Flor Ada ; English translation by Rosa Zubizarreta ; illustrations by Simon Silva.
260 _aNew York :
260 _bScholastic,
260 _c1994
300 _aunpaged :
300 _bcolored illustration ;
300 _c28cm.
500 _a590
999 _c341579
_d341579